Southville International School and Colleges
Your cart is empty.
  • Cart
  • Lists
    Public lists list_1 View all
    Your lists Log in to create your own lists
  • Log in to your account
  • Your cookies
  • Search history
Southville International School and Colleges
  • Advanced search
  • Recent comments
  • Most popular
  • Libraries

Log in to your account

Log in with GOOGLE


If you do not have an external account, but do have a local account, you can still log in:

  1. Home
  2. MARC view: The ethics of management. /
Normal view MARC view ISBD view

The ethics of management. / (Record no. 23528)

[ view plain ]
MARC details
000 -LEADER
fixed length control field 00572nam a2200205 a 4500
005 - DATE AND TIME OF LATEST TRANSACTION
control field 20140310183454.0
008 - FIXED-LENGTH DATA ELEMENTS--GENERAL INFORMATION
fixed length control field 090806s19uu xx 00 eng d
020 ## - INTERNATIONAL STANDARD BOOK NUMBER
International Standard Book Number 0071244522
050 ## - LIBRARY OF CONGRESS CALL NUMBER
Classification number HF 5387
Item number .H67 2008
100 ## - MAIN ENTRY--PERSONAL NAME
Personal name Hosmer, LaRue Tone
245 ## - TITLE STATEMENT
Title The ethics of management. /
Statement of responsibility, etc LaRue Tone Hosmer
250 ## - EDITION STATEMENT
Edition statement 6th ed.
260 ## - PUBLICATION, DISTRIBUTION, ETC. (IMPRINT)
Place of publication, distribution, etc Boston :
Name of publisher, distributor, etc McGraw-Hill,
Date of publication, distribution, etc 2008.
300 ## - PHYSICAL DESCRIPTION
Extent 178 p. :
Dimensions 23 cm.
521 ## - TARGET AUDIENCE NOTE
Target audience note
650 ## - SUBJECT ADDED ENTRY--TOPICAL TERM
Topical term or geographic name as entry element Business ethics.
650 ## - SUBJECT ADDED ENTRY--TOPICAL TERM
Topical term or geographic name as entry element Industrial management
General subdivision Moral and ethical values.
942 ## - ADDED ENTRY ELEMENTS (KOHA)
Koha item type Books
Source of classification or shelving scheme Library of Congress Classification
Call number prefix Foreign
Holdings
Withdrawn status Lost status Source of classification or shelving scheme Damaged status Home library Current library Shelving location Date acquired Source of acquisition Total Checkouts Full call number Barcode Date last seen Copy number Price effective from Koha item type
    Library of Congress Classification   College Library College Library General Circulation Section 08/06/2009 Donation   HF 5387 .H67 2008 C10460 05/15/2018 1 10/18/2013 Books

The ethics of management. /

APA

Hosmer L. T., . (2008). The ethics of management. Boston: McGraw-Hill.

Chicago

Hosmer LaRue Tone, . 2008. The ethics of management. Boston: McGraw-Hill.

Harvard

Hosmer L. T., . (2008). The ethics of management. Boston: McGraw-Hill.

MLA

Hosmer LaRue Tone, . The ethics of management. Boston: McGraw-Hill. 2008.

  • Place hold
  • Print
  • Cite
  • Add to your cart (remove)
  • Save record
    BIBTEX Dublin Core MARCXML MARC (non-Unicode/MARC-8) MARC (Unicode/UTF-8) MARC (Unicode/UTF-8, Standard) MODS (XML) RIS
  • More searches
    Search for this title in:
    Other Libraries (WorldCat) Other Databases (Google Scholar) Online Stores (Bookfinder.com) Open Library (openlibrary.org)

Exporting to Dublin Core...

SOUTHVILLE LIBRARY

Southville International School and Colleges Library

1281 Tropical Ave. Cor. Luxembourg St., BF Homes International, Las Pinas City

Tel. No. 8256374 / 252358 Loc. 117/146

Powered by Koha